Statistics for Taylor Swift - Mastermind Lyrics

Click here to take the quiz!

General Stats

  • This quiz has been taken 79 times
  • The average score is 315 of 337

Answer Stats

Answer% Correct
a
100%
and
100%
And
100%
first
100%
I
100%
I'm
100%
It
100%
it
100%
mastermind?
100%
mastermind
100%
me
100%
No
100%
the
100%
The
100%
time
100%
to
100%
To
100%
told
100%
was
100%
you
100%
You
100%
accidental
98%
accidental?
98%
all
98%
by
98%
'Cause
98%
If
98%
if
98%
like
98%
none
98%
Of
98%
of
98%
on
98%
play
98%
Saw
98%
saw
98%
What
98%
your
98%
you're
98%
as
96%
do
96%
ever
96%
in
96%
In
96%
lit
96%
mine
96%
now
96%
then
96%
be
94%
Just
94%
kid
94%
little
94%
Once
94%
plan
94%
that
94%
This
94%
this
94%
up
94%
upon
94%
wanted
94%
with
94%
criminal
92%
design
92%
I've
92%
line
92%
one
92%
since
92%
So
92%
aligned
90%
been
90%
clockwork
90%
fail
90%
gonna
90%
groundwork
90%
is
90%
laid
90%
stars
90%
stop
90%
At
88%
confess
88%
couldn't
88%
dominoes
88%
felt
88%
knew
88%
lose
88%
love
88%
make
88%
same
88%
see
88%
body
86%
cascaded
86%
did
86%
entire
86%
Nothing
86%
room
86%
scheming
86%
them
86%
we
86%
care
84%
Checkmate
84%
effortless
84%
face
84%
need
84%
planets
84%
seem
84%
smile
84%
were
84%
born
82%
ended
82%
Had
82%
hand
82%
lover's
82%
night
82%
reaction
82%
way
82%
women
82%
game
80%
touch
80%
cryptic
78%
chain
76%
every
76%
our
76%
Strategy
76%
swear
76%
Yeah
76%
cocktails
73%
liquor
73%
only
73%
equation
71%
fuse
71%
smirk
71%
countermoves
69%
Machiavellian
69%
wisest
69%
for
67%
pawn
65%
tale
65%
wide
65%
free
63%
assess
61%
fates
61%
wind
61%
flowing
59%
scene
59%
sets
59%
sails
57%

Score Distribution

Percentile by Number Answered

Percent of People with Each Score

Your Score History

You have not taken this quiz